عرض عادي
عرض مارك
- Shakespeare, William,
مدخل إسم شخص
001 - رقم الضبط
- حقل الضبط: 44831
003 - معرف رقم الضبط
- حقل الضبط: OSt
005 - تاريخ ووقت أخر عملية
- حقل الضبط: 20140512174133.0
008 - عناصر بيانات ثابتة الطول
- حقل تحكم ثابت الطول: 140512|||a|||||| | ||| d
040 ## - مصدر الفهرسة
- هيئة الفهرسة الأصلية: OSt
- وكالة الكتابة: OSt
100 ## - مدخل -- أسم شخص
- إسم شخص: Shakespeare, William,
- تواريخ مرتبطة بالاسم: 1564-1616
- تفريع عام: Literary style
670 ## - بيانات المصدر موجوده
- الاستشهاد بالمصدر: Work cat.: (OSt)0: Johnson, Keith, 1944- 44829, Shakespeare's English :, 2013
